| 000 | 00833cab a2200289 4500 | ||
|---|---|---|---|
| 001 | ABS55309 | ||
| 008 | 090401t1996 xxu||||| |||| 00| 0 eng d | ||
| 035 | _a(Sirsi) u15646 | ||
| 041 | _aeng | ||
| 245 | _aFocus `96: M4: Bracknell to Bath | ||
| 260 | _c1996 | ||
| 350 | _a0 | ||
| 490 |
_aEstates Gazette _v(9623) 8 June 1996, 85-114(18) |
||
| 650 | _aBATH | ||
| 650 | _aBRACKNELL | ||
| 650 | _aCOLONNADES SHOPPING CENTRE | ||
| 650 | _aM4 CORRIDOR | ||
| 650 | _aNEWBURY | ||
| 650 | _aPROPERTY-COMMERCIAL PROPERTY-OFFICE PROPERTY-OFFICE PROPERTY MARKET | ||
| 650 | _aREADING | ||
| 650 | _aPROPERTY-COMMERCIAL PROPERTY-RETAIL PROPERTY-RETAIL PROPERTY MARKET | ||
| 650 | _aSWINDON | ||
| 650 | _aWOKINGHAM | ||
| 690 | _aPROPERTY-COMMERCIAL PROPERTY-COMMERCIAL PROPERTY MARKET | ||
| 942 | _n0 | ||
| 948 | _c04/03/1997 | ||
| 999 |
_c10284 _d10284 |
||